Die Sittlichkeit der Wirtschaft : von Effizienz- und Differenzierungstheorien zu einer Theorie wirtschaftlicher Felder

Auch die Wirtschaft moderner Gesellschaften folgt nicht einfach einer ökonomischen Eigengesetzlichkeit, sondern konstituiert sich aus ihrer Einbettung in ein Gefüge sittlicher Werte, Interessen und sozialer Macht. Von welcher theoretischen Grundlage lässt sich die Sittlichkeit der Wirtschaft beschre...

Ausführliche Beschreibung

Bibliographische Detailangaben
1. Verfasser: Beckert, Jens 1967- (VerfasserIn)
Format: E-Book
Sprache:German
Veröffentlicht: Köln : Max-Planck-Inst. für Gesellschaftsforschung, 2011
Mit dem übergeordneten Werk verknüpfte Titel:MPIfG working paper 11/8
Zugriff auf das übergeordnete Werk:MPIFG working paper
Schlagworte:Wirtschaftssoziologie Ethik Normative Ökonomik Neoklassische Theorie Theorie Wirtschaftsethik Wirtschaftsstruktur Soziales Feld
Umfang:Online-Ressource (PDF-Datei: IV, 17 S., 1,00 MB)
LEADER 01000cam a2200265 c 4500
001 680158340
003 DE-627
005 20220711115915.0
007 cr uuu---uuuuu
008 111219s2011 gw |||||o 00| ||ger c
024 7 |a 10419/54682  |2 hdl 
035 |a (DE-627)680158340 
035 |a (DE-576)9680158349 
035 |a (DE-599)GBV680158340 
035 |a (OCoLC)838965392 
040 |a DE-627  |b ger  |c DE-627  |e rakwb 
041 |a ger 
044 |c XA-DE 
084 |a 3,6  |2 ssgn 
084 |a QC 010  |q BVB  |2 rvk  |0 (DE-625)rvk/141236: 
084 |a 83.02  |2 bkl 
084 |a 89.35  |2 bkl 
084 |a 89.49  |2 bkl 
084 |a 89.55  |2 bkl 
100 1 |a Beckert, Jens  |d 1967-  |e verfasserin  |0 (DE-588)115876065  |0 (DE-627)077528107  |0 (DE-576)170710246  |4 aut 
245 1 4 |a Die Sittlichkeit der Wirtschaft  |b von Effizienz- und Differenzierungstheorien zu einer Theorie wirtschaftlicher Felder  |c Jens Beckert 
264 1 |a Köln  |b Max-Planck-Inst. für Gesellschaftsforschung  |c 2011 
300 |a Online-Ressource (PDF-Datei: IV, 17 S., 1,00 MB) 
336 |a Text  |b txt  |2 rdacontent 
337 |a Computermedien  |b c  |2 rdamedia 
338 |a Online-Ressource  |b cr  |2 rdacarrier 
490 1 |a MPIfG working paper  |v 11/8 
500 |a Zsfassung in engl. und dt. Sprache 
520 |a Auch die Wirtschaft moderner Gesellschaften folgt nicht einfach einer ökonomischen Eigengesetzlichkeit, sondern konstituiert sich aus ihrer Einbettung in ein Gefüge sittlicher Werte, Interessen und sozialer Macht. Von welcher theoretischen Grundlage lässt sich die Sittlichkeit der Wirtschaft beschreiben? In dem Artikel zeige ich in kritischer Auseinandersetzung mit der auf der Neoklassik aufbauenden orthodoxen Wirtschaftstheorie, dass es gerade deren normativer Charakter ist, der verhindert, Normen einen angemessenen Platz einzuräumen. Es ist jedoch verfehlt zu denken, dass die Soziologie per se hierzu eine angemessene Alternative anbieten würde. Weder die funktionalistische Differenzierungstheorie noch Teile der Wirtschaftssoziologie werden der Herausforderung gerecht. Vielversprechender erscheint, wirtschaftliche Strukturen mit dem Instrumentarium der Theorie sozialer Felder zu analysieren. 
520 |a The economy of modern societies does not simply operate according to its own inherent laws, but is embedded in a moral order, interests, and in social power. Upon what theoretical basis can we describe the morality of the economy? Critically reflecting on orthodox neoclassical economics, I argue that it is the normative character of neoclassical theory which stands in the way of improving our understanding of the normative foundations of the economy. It would be wrong, however, to think that sociology necessarily offers a more adequate alternative. Neither functionalist theories of social differentiation nor certain strands of the new economic sociology are up to the challenge. Using the toolkit provided by the theory of social fields seems to be the more promising way to investigate economic structures. 
650 7 |8 1.1\x  |a Wirtschaftssoziologie  |0 (DE-627)091401275  |0 (DE-2867)16687-0  |2 stw 
650 7 |8 1.2\x  |a Ethik  |0 (DE-627)091358191  |0 (DE-2867)16709-2  |2 stw 
650 7 |8 1.3\x  |a Normative Ökonomik  |0 (DE-627)091380472  |0 (DE-2867)19989-4  |2 stw 
650 7 |8 1.4\x  |a Neoklassische Theorie  |0 (DE-627)091379784  |0 (DE-2867)10252-2  |2 stw 
650 7 |8 1.5\x  |a Theorie  |0 (DE-627)091394902  |0 (DE-2867)19073-6  |2 stw 
689 0 0 |D s  |0 (DE-588)4066439-9  |0 (DE-627)104137525  |0 (DE-576)209164603  |a Wirtschaftsethik  |2 gnd 
689 0 1 |D s  |0 (DE-588)4129504-3  |0 (DE-627)105709395  |0 (DE-576)209611049  |a Wirtschaftsstruktur  |2 gnd 
689 0 2 |D s  |0 (DE-588)4181948-2  |0 (DE-627)105314161  |0 (DE-576)21000813X  |a Soziales Feld  |2 gnd 
689 0 |5 (DE-627) 
810 2 |a Max-Planck-Institut für Gesellschaftsforschung  |t MPIFG working paper  |v 11,8  |9 201108  |w (DE-627)531201082  |w (DE-576)312435274  |w (DE-600)2322793-X  |x 1864-4333  |7 am 
856 4 0 |u http://www.mpifg.de/pu/workpap/wp11-8.pdf  |x Verlag  |3 Volltext  |7 1 
856 4 0 |u http://hdl.handle.net/10419/54682  |x Download aus dem Internet, Stand: 19.12.2011  |3 Volltext  |7 1 
856 4 0 |u http://edoc.vifapol.de/opus/volltexte/2013/4644/  |x Verlag  |z kostenfrei  |3 Volltext  |7 0 
912 |a GBV_ILN_21 
912 |a ISIL_DE-46 
912 |a SYSFLAG_1 
912 |a GBV_KXP 
912 |a GBV_ILN_22 
912 |a ISIL_DE-18 
912 |a GBV_ILN_26 
912 |a ISIL_DE-206 
912 |a GBV_ILN_350 
912 |a ISIL_DE-2795 
912 |a GBV_ILN_350_ 
912 |a GBV_ILN_2107 
912 |a ISIL_DE-Frei160 
912 |a GBV_ILN_2403 
912 |a ISIL_DE-LFER 
936 r v |a QC 010  |b Mensch und Wirtschaft. Wirtschaftliches Verhalten. Motivation. Wirtschaftsethik  |k Wirtschaftswissenschaften  |k Wirtschaftstheorie, einschließlich Geldtheorie  |k Mensch und Wirtschaft. Wirtschaftliches Verhalten. Motivation. Wirtschaftsethik  |0 (DE-627)1271174472  |0 (DE-625)rvk/141236:  |0 (DE-576)201174472 
936 b k |a 83.02  |j Philosophie und Theorie der Volkswirtschaft  |0 (DE-627)18157070X 
936 b k |a 89.35  |j Demokratie  |0 (DE-627)10641402X 
936 b k |a 89.49  |j Innere Beziehungen des Staates: Sonstiges  |0 (DE-627)106414127 
936 b k |a 89.55  |j Politische Entscheidung  |0 (DE-627)106418262 
951 |a BO 
980 |2 21  |1 01  |x 0046  |b 1307325882  |h ebook_2012_free  |k Kostenloser Zugriff  |y zza  |z 04-06-12 
980 |2 22  |1 01  |x 0018  |b 1443598194  |h SUBolrdow  |y zu  |z 30-10-13 
980 |2 26  |1 01  |x 0206  |b 1283712105  |c 08  |f K:  |d DS 260 (2011,8)  |e --%%--  |j --%%--  |y z1k  |z 19-12-11 
980 |2 350  |1 01  |x 8293  |b 3551311064  |c 00  |f Online  |d --%%--  |e i  |j --%%--  |y z  |z 29-11-19 
980 |2 2107  |1 01  |x DE-Frei160  |b 4583865643  |c 00  |f --%%--  |d --%%--  |e --%%--  |j --%%--  |y l01  |z 27-09-24 
980 |2 2403  |1 01  |x DE-LFER  |b 3494658641  |c 00  |f --%%--  |d --%%--  |e n  |j --%%--  |y l01  |z 18-07-19 
981 |2 21  |1 01  |x 0046  |r http://hdl.handle.net/10419/54682  |z LF 
981 |2 22  |1 01  |x 0018  |r http://edoc.vifapol.de/opus/volltexte/2013/4644/  |z LF 
981 |2 2107  |1 01  |x DE-Frei160  |r http://hdl.handle.net/10419/54682 
981 |2 2403  |1 01  |x DE-LFER  |r http://www.mpifg.de/pu/workpap/wp11-8.pdf 
981 |2 2403  |1 01  |x DE-LFER  |r http://edoc.vifapol.de/opus/volltexte/2013/4644/ 
983 |2 22  |1 01  |x 0018  |8 00  |a pl1310 
995 |2 21  |1 01  |x 0046  |a ebook_2012_free 
995 |2 22  |1 01  |x 0018  |a SUBolrdow